Best Hospitals in the United States - Statistics

General Stats
  • This quiz has been taken 168 times
  • The average score is 9 of 19
Answer Stats
Rank City Points Name % Correct
1 Rochester 415 Mayo Clinic
81%
3 Baltimore 363 Johns Hopkins Hospital
79%
2 Cleveland 365 Cleveland Clinic
71%
7 Los Angeles 292 Ronald Reagan UCLA Medical Center
66%
4 Boston 358 Massachusetts General Hospital
63%
9 Stanford 251 Stanford Health Care-Stanford Hospital
58%
10 Philadelphia 244 Hospitals of the University of Pennsylvania-Penn Presbyterian
54%
17 Durham 199 Duke University Hospital
50%
19 New York 194 NYU Langone Medical Center
50%
6 Ann Arbor 294 University of Michigan Hospitals and Health Centers
47%
18 New York 196 Mount Sinai Hospital
45%
11 Los Angeles 239 Cedars-Sinai Medical Center
44%
13 Chicago 228 Northwestern Memorial Hospital
43%
5 San Francisco 303 UCSF Medical Center
37%
12 St. Louis 236 Barnes-Jewish Hospital
27%
14 Pittsburgh 218 UPMC Presbyterian Shadyside
25%
15 Aurora 204 University of Colorado Hospital
23%
16 Philadelphia 202 Thomas Jefferson University Hospitals
13%
8 New York 267 New York-Presbyterian Hospital
8%
No matching quizzes found
Score Distribution
Percent of People with Each Score
Percentile by Number Answered
Your Score History
You have not taken this quiz